Actors who worked with Wes Anderson - Statistics

General Stats
  • This quiz has been taken 146 times
    78 since last reset
  • The average score is 23 of 93
Answer Stats
Films Answer % Correct
The Grand Budapest Hotel, Fantastic Mr. Fox, The French Dispatch, Moonrise Kingdom, Isle of Dogs, The Royal Tenenbaums, The Darjeeling Limited, The Life Aquatic with Steve Zissou, Rushmore, The Phoenician Scheme Bill Murray
96%
The Grand Budapest Hotel, Fantastic Mr. Fox, The French Dispatch, The Royal Tenenbaums, The Darjeeling Limited, The Life Aquatic with Steve Zissou, Bottle Rocket Owen Wilson
89%
The Grand Budapest Hotel, Fantastic Mr. Fox, The French Dispatch, Asteroid City, The Darjeeling Limited Adrien Brody
82%
The Royal Tenenbaums, Rushmore, Bottle Rocket Luke Wilson
82%
The Grand Budapest Hotel Ralph Fiennes
78%
The Royal Tenenbaums, Rushmore, Bottle Rocket Andrew Wilson
73%
The French Dispatch, The Phoenician Scheme Benicio del Toro
71%
Isle of Dogs, Asteroid City, The Phoenician Scheme Scarlett Johansson
69%
The Grand Budapest Hotel, Fantastic Mr. Fox, The French Dispatch, Moonrise Kingdom, Asteroid City, The Darjeeling Limited, Rushmore Jason Schwartzman
67%
The Royal Tenenbaums Gwyneth Paltrow
64%
The French Dispatch Timothée Chalamet
64%
The Grand Budapest Hotel, Fantastic Mr. Fox, The French Dispatch, Asteroid City, The Life Aquatic with Steve Zissou, The Phoenician Scheme Willem Dafoe
64%
The Grand Budapest Hotel, The French Dispatch, Moonrise Kingdom, Isle of Dogs, Asteroid City Edward Norton
62%
Fantastic Mr. Fox George Clooney
62%
Isle of Dogs, Asteroid City, The Phoenician Scheme Bryan Cranston
60%
Asteroid City, The Phoenician Scheme Tom Hanks
60%
The Royal Tenenbaums Ben Stiller
58%
Moonrise Kingdom Bruce Willis
56%
The Royal Tenenbaums Gene Hackman
56%
Fantastic Mr. Fox Meryl Streep
49%
The Grand Budapest Hotel, The French Dispatch Saoirse Ronan
49%
The Grand Budapest Hotel, The French Dispatch, Moonrise Kingdom, Isle of Dogs, Asteroid City Tilda Swinton
49%
The French Dispatch, Isle of Dogs, The Royal Tenenbaums, The Darjeeling Limited, The Life Aquatic with Steve Zissou Anjelica Huston
47%
The Phoenician Scheme Benedict Cumberbatch
44%
The Grand Budapest Hotel, Isle of Dogs, Asteroid City, The Life Aquatic with Steve Zissou Jeff Goldblum
44%
The Phoenician Scheme Michael Cera
40%
Asteroid City Margot Robbie
38%
The Life Aquatic with Steve Zissou Cate Blanchett
36%
The Grand Budapest Hotel, The French Dispatch Léa Seydoux
36%
The Royal Tenenbaums Danny Glover
33%
The French Dispatch, Moonrise Kingdom, Isle of Dogs Frances McDormand
33%
The Grand Budapest Hotel, The French Dispatch, Asteroid City Tony Revolori
33%
The French Dispatch, Asteroid City, The Phoenician Scheme Jeffrey Wright
31%
The Grand Budapest Hotel, The French Dispatch, Moonrise Kingdom, Isle of Dogs, Asteroid City Bob Balaban
29%
Asteroid City Steve Carell
29%
The Grand Budapest Hotel, Isle of Dogs, The Phoenician Scheme F. Murray Abraham
24%
Bottle Rocket James Caan
24%
The Grand Budapest Hotel Jude Law
24%
Isle of Dogs Greta Gerwig
22%
The Grand Budapest Hotel, Moonrise Kingdom, Isle of Dogs Harvey Keitel
20%
The Grand Budapest Hotel, The French Dispatch, The Phoenician Scheme Mathieu Amalric
18%
Fantastic Mr. Fox, The Life Aquatic with Steve Zissou Michael Gambon
16%
Fantastic Mr. Fox, Moonrise Kingdom, The Life Aquatic with Steve Zissou, Rushmore Eric Chase Anderson
13%
The French Dispatch, Isle of Dogs, Asteroid City Liev Schreiber
13%
Asteroid City Maya Hawke
13%
The Phoenician Scheme Mia Threapleton
13%
Rushmore Olivia Williams
13%
The Phoenician Scheme Richard Ayoade
13%
The Phoenician Scheme Riz Ahmed
13%
The French Dispatch, Asteroid City, The Phoenician Scheme Rupert Friend
13%
The French Dispatch Lois Smith
11%
The French Dispatch Christoph Waltz
9%
Moonrise Kingdom Jared Gilman
9%
Moonrise Kingdom Lucas Hedges
9%
The Life Aquatic with Steve Zissou Bud Cort
7%
The Darjeeling Limited Irrfan Khan
7%
Isle of Dogs Ken Watanabe
7%
The Royal Tenenbaums, The Darjeeling Limited, Rushmore, Bottle Rocket Kumar Pallana
7%
Asteroid City, The Life Aquatic with Steve Zissou Seu Jorge
7%
The Royal Tenenbaums, The Life Aquatic with Steve Zissou, Rushmore Seymour Cassel
7%
The French Dispatch, Asteroid City, The Phoenician Scheme Stephen Park
7%
The Grand Budapest Hotel Tom Wilkinson
7%
The Grand Budapest Hotel, Fantastic Mr. Fox, The French Dispatch, The Darjeeling Limited, Rushmore Wallace Wolodarsky
7%
The Darjeeling Limited Amara Karan
4%
Rushmore Brian Cox
4%
The Phoenician Scheme Charlotte Gainsbourg
4%
The French Dispatch Elisabeth Moss
4%
The French Dispatch Henry Winkler
4%
Asteroid City, The Phoenician Scheme Hope Davis
4%
Moonrise Kingdom, Isle of Dogs Kara Hayward
4%
The Grand Budapest Hotel, The French Dispatch, Moonrise Kingdom, The Royal Tenenbaums Larry Pine
4%
Asteroid City Matt Dillon
4%
Asteroid City Grace Edwards
2%
Asteroid City Hong Chau
2%
Fantastic Mr. Fox, The French Dispatch, Asteroid City Jarvis Cocker
2%
Isle of Dogs Koyu Rankin
2%
The French Dispatch Lyna Khoudri
2%
Rushmore Mason Gamble
2%
Bottle Rocket Robert Musgrave
2%
Fantastic Mr. Fox, Isle of Dogs Roman Coppola
2%
Asteroid City Sophia Lillis
2%
Isle of Dogs Yoko Ono
2%
The Phoenician Scheme Alex Jennings
0%
The French Dispatch Alex Lawther
0%
Rushmore Connie Nielsen
0%
The French Dispatch Denis Ménochet
0%
The Grand Budapest Hotel, The French Dispatch, Isle of Dogs, Asteroid City Fisher Stevens
0%
Fantastic Mr. Fox Helen McCrory
0%
Moonrise Kingdom, Isle of Dogs, Asteroid City Jake Ryan
0%
Bottle Rocket Lumi Cavazos
0%
The Life Aquatic with Steve Zissou Noah Taylor
0%
Rushmore Sara Tanaka
0%
The Grand Budapest Hotel, The Darjeeling Limited, The Life Aquatic with Steve Zissou Waris Ahluwalia
0%
No matching quizzes found
Score Distribution
Percent of People with Each Score
Percentile by Number Answered
Your Score History
You have not taken this quiz since the last reset